Reconnaitras tu ces chanteurs de variété française ? - Statistiques

Statistiques générales
  • Ce quiz a été pris 470 fois
  • Le résultat moyen est 16 sur 20
Statistiques - réponses
Par images Réponse % Correct
Edith Piaf
95%
Johnny Hallyday
95%
Patrick Bruel
95%
Charles Aznavour
94%
Renaud
94%
Jean Jacques Goldman
92%
Florent Pagny
88%
Serge Gainsbourg
87%
Michel Sardou
86%
Daniel Balavoine
85%
Jacques Brel
85%
Marc Lavoine
83%
Michel Polnareff
80%
Georges Brassens
72%
Joe Dassin
68%
Francis Cabrel
65%
Michel Berger
65%
Leo Ferré
47%
Jacques Dutronc
46%
Jean Ferrat
37%
Aucun quiz correspondant
Distribution des résultats
% des personnes avec chaque résultat
Percentile par nombre de réponses
Votre historique - résultats
Vous n’avez pas pris ce quiz